LEADER 01416nam a2200325 a 4500 001 000000122353 003 CaOOAMICUS 005 20100623160701.0 008 100623t2005 it u000 u ita r 020 $a978-88-15-09855-9 040 $aPUL$bita$dReb 041 1 $aita$heng 082 04$a909 100 1 $aGökay, Bulent.$0(OLS)http://pul/name/76765 240 10$aEastern Europe since 1970$lItaliano.$0(OLS)http://pul/title/154062 245 12$aL'Europa orientale :$bdal 1970 a oggi /$cBulent Gökay. 260 $aBologna :$bIl Mulino,$c©2005. 300 $a188 p. ;$c21 cm. 490 1 $aUniversale paperbacks Il Mulino ;$v485 504 $aInclude riferimenti bibliografici ed indice. 650 4$aRelazioni internazionali.$0(OLS)http://pul/subject/27045 651 4$aEuropa orientale$xPolitica e governo.$0(OLS)http://pul/subject/18835 830 0$aUniversale paperbacks Il Mulino ;$v485.$0(OLS)http://pul/title/190 850 $aPUL 852 $aPUL$W1$xDP2 Filosofia 3$y112$m909 COLL 2.485$j140480$aRistampa del 2010$qDDC 21$B139610$CPULBib$Z2$F139610 $H114257 $82 941 1 $a9 996 $6020$a978-88-15-09855-9$9(OLS)http://pul/number/144708 996 $6082$a909$9(OLS)http://pul/classification/566 996 $6245$aL'Europa orientale :$bdal 1970 a oggi$9(OLS)http://pul/title/154061 996 $6260$aBologna :$bIl Mulino$9(OLS)http://pul/publisher/47928 LEADER 01074nam a2200253 u 4500 001 000000055004 003 CaOOAMICUS 005 20070226115733.0 008 010112s1943 it u000 u ita u 035 $a10865370 040 $aPUL(R)$bita 100 1 $aMondrone, Domenico,$cS.I.$0(OLS)http://pul/name/20185 245 10$aCommenti e denunzie /$cDomenico Mondrone. 260 $aRoma :$bLa Civiltà cattolica,$c1943. 300 $a363 p. ;$c18 cm 490 1 $aQuestioni di attualità ;$v6 830 0$aQuestioni di attualità ;$v6.$0(OLS)http://pul/title/25521 850 $aPUL 852 $aPUL$W1$xDP1 Fondo Giannini$y60$m1562 B 45$j72383$nBK-PRI$b $qFondi$B72383$CPULBib$Z2$F72383 $H $81 852 $aPUL$W1$xDP1 Fondo Cecchetti$y53$m285 A 8$j72384$nBK-PRI$b $qFondi$B72384$CPULBib$Z2$F72384 $HPUL7961 $81 941 1 $a1 961 $aINV: Fondo Giannini 996 $6245$aCommenti e denunzie$9(OLS)http://pul/title/73707 996 $6260$aRoma :$bLa Civiltà cattolica$9(OLS)http://pul/publisher/48114